[Event "4NCL 2017-18"]
[Site "Northampton"]
[Date "2018.02.10"]
[Round "5"]
[White "Kirk, Ezra"]
[Black "Sarakauskas, Gediminas"]
[Result "1/2-1/2"]
[WhiteElo "2418"]
[BlackElo "2424"]
[Annotator "TA"]
[PlyCount "125"]
[EventDate "2018.??.??"]
[EventCountry "GBR"]
[SourceTitle "playchess.com"]
[Source "ChessBase"]
[SourceQuality "1"]

{[%evp 19,125,22,17,0,0,0,0,0,0,0,0,-1,0,-2,14,0,48,43,63,45,71,66,74,39,39,46,46,39,39,39,43,47,49,20,36,11,4,0,8,29,25,37,29,0,0,0,0,0,0,-42,-43,-42,0,0,0,0,0,0,0,0,0,0,0,0,0,-3,0,0,0,-127,-122,-134,0,0,0,0,0,0,0,0,0,0,0,0,0,0,99,0,0,0,0,0,0,0,0,0,0,0,0,0,0,0,0,0,0,0,0,0]} 1. e4 e6 2. d4 d5 3. Nc3 Nf6 4. Bg5 dxe4 5. Nxe4 Be7 6. Bxf6 gxf6 7. Qd2 b6 {C13: French: Classical System: 4 Bg5 Be7, Alekhine-Chatard Attack} (7... c5 8. Nxc5 Bxc5 9. dxc5 Qxd2+ 10. Kxd2 Ke7 11. Nf3 Rd8+ 12. Ke3 Nd7 13. Rd1 Nxc5 14. Rxd8 Kxd8 15. h4 {½-½ (27) Saric,I (2632)-Ganguly,S (2658) Linares 2017}) 8. O-O-O Bb7 9. Nc3 c6 10. f4 f5 {LiveBook: 3 Games} 11. g3 Nd7 12. Bg2 Qc7 13. Nf3 O-O-O 14. Rhe1 Kb8 15. a3 $146 ({Predecessor:} 15. Kb1) 15... Rhg8 16. Qf2 Rg7 17. Kb1 Rdg8 18. Ne5 Nxe5 19. dxe5 Rh8 20. Rd2 Rgg8 21. Red1 Rd8 $1 22. Qe2 Rxd2 23. Rxd2 Rd8 24. Rxd8+ Qxd8 25. Qh5 Qg8 26. Na2 Kc7 27. Nb4 a5 28. Na2 Qg6 29. Qe2 h5 30. Nc3 h4 $1 31. Qf3 hxg3 32. hxg3 Qg4 33. Qd3 Qg8 34. Qc4 Qxg3 35. Nb5+ $1 Kd7 36. Qd4+ $1 Ke8 37. Qxb6 Qxg2 38. Nc7+ Kf8 39. Qxb7 Qf1+ 40. Ka2 Qc4+ 41. Kb1 $1 Qxf4 {White should prevent ...Bg5.} 42. Qxc6 {Black must now prevent Qe8+.} Kg7 43. Qd7 {Nxe6+! is the strong threat.} Qh4 44. c4 (44. Ne8+ $11 {remains equal.} Kg6 45. Nd6) 44... f4 $17 {Threatens to win with ...f3.} 45. Ne8+ {[#]} Kg6 (45... Kf8 $1 $17 {Strongly threatening ...f3.} 46. Nd6 Bxd6 47. Qxd6+ Kg7) 46. Qd3+ $11 Kg5 47. Nd6 f5 {And now ...Qf2 would win.} 48. exf6 Kxf6 49. Ne4+ Ke5 50. Nd2 Kf6 51. Ka2 Qe1 52. Qc3+ e5 (52... Qe5 $11 {keeps the balance.} 53. Qc2 (53. Qh3 Kg7 $11) 53... Kg7) 53. b4 (53. Qxa5 $16 {aiming for Qd5.} Qh1 54. Qa6+ Kf7 55. Qc8) 53... axb4 {The position is equal.} 54. axb4 Qe3 55. Kb3 Qxc3+ 56. Kxc3 {[%mdl 4096] Endgame KB-KN} Kf5 57. c5 e4 {Hoping for ...e3.} 58. Nc4 Bf6+ 59. Kd2 Bd4 60. c6 Ke6 61. c7 Kd7 {[#]} 62. c8=Q+ $1 {[%mdl 512]} Kxc8 63. Nd6+ {Precision: White = 61%, Black = 75%.} 1/2-1/2

[Event "4NCL 2017-18"]
[Site "Northampton"]
[Date "2018.02.10"]
[Round "5"]
[White "Eggleston, David J"]
[Black "Wadsworth, Matthew J"]
[Result "1/2-1/2"]
[WhiteElo "2409"]
[BlackElo "2345"]
[Annotator "TA"]
[PlyCount "88"]
[EventDate "2018.??.??"]
[EventCountry "GBR"]
[SourceTitle "playchess.com"]
[Source "ChessBase"]
[SourceQuality "1"]

{[%evp 21,88,0,-12,-27,0,0,0,0,12,4,6,4,14,14,16,16,16,8,34,27,58,64,55,60,68,50,60,70,100,100,100,97,110,0,111,81,81,79,90,22,23,25,25,10,23,5,27,0,0,0,0,0,0,0,0,0,0,0,0,0,0,0,0,0,0,0,0,0,0]} 1. e4 e6 2. d4 d5 3. Nc3 Bb4 4. e5 c5 5. a3 Bxc3+ 6. bxc3 Qa5 7. Bd2 Qa4 8. Qg4 g6 9. Qd1 b6 {C18: French: 3 Nc3 Bb4: Main line: 7 h4 and 7 Qg4} 10. h4 h5 11. Nf3 Ba6 {LiveBook: 6 Games} 12. Bd3 (12. Bxa6 {NOTEXT} Qxa6 13. Bg5 Ne7 14. Bf6 Rf8 15. dxc5 bxc5 16. Qd3) 12... Bxd3 $146 ({Find the theoretical novelty and annotate with similar games:} 12... Nd7 13. Bg5 Rc8 14. Qd2 Ne7 15. Bxe7 Kxe7 16. Qg5+ Kf8 17. Bxg6 fxg6 18. Qxg6 {½-½ (24) Kim,A (2449)-Lysyj,I (2506) Pardubice 2005}) 13. cxd3 Qxd1+ 14. Rxd1 Ne7 15. dxc5 bxc5 16. Rb1 Nd7 17. Bg5 $36 {[%mdl 2048] Black is under pressure.} Nc6 18. Rb7 Rb8 19. Rxb8+ Ncxb8 20. Kd2 O-O 21. Be7 Rc8 22. Rb1 Nb6 23. a4 Nc6 24. Bxc5 Nxa4 25. Bd6 Nb6 26. Ra1 Nd7 27. Rb1 Nb6 $1 28. Nd4 Nxd4 29. cxd4 $16 {[%mdl 4096] Endgame KRB-KRN} Rc6 30. Ra1 (30. Rb5 $16) 30... Nc8 $11 31. Bc5 Rc7 32. f3 Kg7 33. Ra6 Kh6 34. g4 g5 {The position is equal.} 35. hxg5+ Kxg5 36. gxh5 Kxh5 37. Ra1 Ne7 38. Bxe7 (38. Bxa7 {NOTEXT} Rb7 39. Bc5 Nf5 40. Rg1 Nh4 41. Rg3) 38... Rxe7 {KR-KR} 39. Ke3 Rb7 40. f4 Kg6 41. Rg1+ Kh7 42. Ra1 Kg6 43. Rg1+ Kh7 44. Ra1 Kg6 {Precision: White = 64%, Black = 65%.} 1/2-1/2

[Event "4NCL 2017-18"]
[Site "Northampton"]
[Date "2018.02.10"]
[Round "5"]
[White "Houska, Jovanka"]
[Black "Griffiths, Ryan Rhys"]
[Result "0-1"]
[WhiteElo "2408"]
[BlackElo "2369"]
[Annotator "TA"]
[PlyCount "124"]
[EventDate "2018.??.??"]
[EventCountry "GBR"]
[SourceTitle "playchess.com"]
[Source "ChessBase"]
[SourceQuality "1"]

{[%evp 13,124,21,17,-19,-15,-24,0,0,20,-9,-9,-16,-9,-16,-11,-18,-12,-9,-12,-12,7,0,0,-14,31,9,12,10,9,6,12,8,37,37,43,22,35,2,10,0,4,-2,0,0,-6,-46,-45,-56,-49,-55,-49,-74,-66,-81,-55,-77,-27,-115,-97,-147,-88,-423,-193,-268,-263,-273,-272,-251,-240,-216,-60,-60,-77,-70,-37,-44,-35,-46,-40,-52,0,-93,-61,-156,-61,-69,0,0,0,-12,-23,-163,-170,-166,-162,-168,-164,-158,0,-50,-35,-5693,-5601,-29987,-29988,-29986,-29987,-29987,-12839,-12838,-12839,-1121,-203]} 1. d4 Nf6 2. Nf3 g6 3. Nbd2 d5 4. b4 Bg7 5. e3 O-O 6. Bb2 {D02: 1 d4 d5 2 Nf3 sidelines, including 2...Nf6 3 g3 and 2...Nf6 3 Bf4} a5 (6... Bf5 7. c4 c6 8. Be2 a5 9. bxa5 Qxa5 10. O-O Nbd7 11. a4 Ne4 12. cxd5 Nxd2 13. Nxd2 cxd5 {½-½ (38) Gelfand,B (2697)-Gupta,A (2610) Caleta 2018}) 7. b5 a4 {LiveBook: 15 Games} 8. a3 {The position is equal.} c6 9. bxc6 $146 ({Predecessor:} 9. c4 cxb5 10. cxb5 Bg4 11. Bd3 Nbd7 12. O-O {1-0 (93) Foisor,S (2258)-Padmini,R (2437) Rome 2015}) 9... bxc6 10. c4 Qa5 11. Qc2 Bf5 12. Bd3 Bxd3 13. Qxd3 Nbd7 14. O-O Rfb8 15. Rab1 Qa6 16. Qc2 e6 17. Rfc1 Rb7 18. Ne1 {[%cal Bf3e1,Be1d3,Bd3b4][%mdl 32]} Bf8 (18... Ne4 $5) 19. Nd3 Ne4 20. c5 $1 Nxd2 $1 21. Qxd2 Rb3 22. Nb4 Qc8 23. Rc3 Rxc3 24. Bxc3 e5 25. f3 Bh6 26. Re1 (26. Qd3 {feels hotter.} Bg7 27. e4 exd4 28. Bxd4 dxe4 29. Qxe4 Qe8 30. Qxe8+ Rxe8 31. Rd1) 26... Qc7 27. Kh1 Bg7 28. Qc2 exd4 29. exd4 Nf8 30. Rb1 Ne6 31. Qd2 h5 {[%cal Bh7h5,Bh5h4][%mdl 32]} 32. g3 Bf6 33. Kg2 h4 34. Nc2 Kg7 35. f4 (35. Ne3 $11 {keeps the balance.}) 35... Qd7 36. Ne3 Rh8 (36... Nc7 $142 $1 37. g4 Re8) 37. Kg1 $2 {[%mdl 8192]} (37. Rf1 $17) 37... Nc7 (37... hxg3 $142 38. Ng4 gxh2+ 39. Kh1 Nc7 40. Nxf6 Qf5) 38. Rb7 (38. Qg2 $142) 38... Qc8 $19 ({Don't play} 38... hxg3 39. hxg3 Qc8 40. Rb4 $17) 39. Rb4 hxg3 40. hxg3 Qe6 ({Less strong is} 40... Qh3 41. Qg2 $17) 41. Qd3 Nb5 $2 (41... Qh3 $19 42. Nf1 Ne6) 42. f5 $15 Qd7 43. Bd2 Re8 44. Ng4 gxf5 45. Nxf6 Kxf6 46. Rxa4 Re4 ({Black should play} 46... Qe6 $15) 47. Bf4 (47. Qf3 $11 {remains equal.}) 47... Kg6 $17 48. Rb4 {next a4 is good for White.} Re1+ (48... Qe8 $1 $17 {Strongly threatening ...Re1+.} 49. Bd2 Qh8) 49. Kf2 $15 Ra1 ({Better is} 49... Qe6 $15 50. a4 Nc3 $1 {[%mdl 512]}) 50. a4 $11 Qe7 51. Bd2 Na3 52. Rb8 (52. Rb7 $11 Qe4 53. Qe3 (53. Qxe4 fxe4 54. Bc3 Rc1 $15) 53... Qxe3+ 54. Bxe3) 52... Nc4 $19 {White must now prevent ...Ra2.} 53. Rg8+ Kh7 54. Rg4 Qe6 $36 {[%mdl 2048] Keeping White busy.} 55. Rh4+ Kg7 $2 (55... Kg8 $17 56. Qc2 Kf8) 56. Bh6+ Kg6 57. Kg2 $2 {[%mdl 8192] [#]} (57. Qe2 $15 Qxe2+ 58. Kxe2) 57... Qe1 $1 {[%cal Re1g1] ( -> ...Qg1+)} 58. Rh2 Ra2+ 59. Kh3 Rxh2+ 60. Kxh2 Kxh6 (60... Qf2+ $142 61. Kh3 Kxh6 62. a5 Ne3 63. Qxe3+ Qxe3 64. Kg2 Qe2+ 65. Kh1 Kg5 66. Kg1 Kg4 67. a6 Kxg3 68. Kh1 Qh2#) 61. Qxf5 Qe2+ 62. Kg1 {[#]} Qg2+ $1 {[%mdl 512] Precision: White = 37%, Black = 55%.} 0-1

[Event "4NCL 2017-18"]
[Site "Northampton"]
[Date "2018.02.10"]
[Round "5"]
[White "Taylor, Martin R"]
[Black "Haria, Ravi"]
[Result "0-1"]
[WhiteElo "2360"]
[BlackElo "2376"]
[Annotator "TA"]
[PlyCount "84"]
[EventDate "2018.??.??"]
[EventCountry "GBR"]
[SourceTitle "playchess.com"]
[Source "ChessBase"]
[SourceQuality "1"]

{[%evp 13,84,36,43,25,35,23,39,33,31,31,37,42,75,55,50,58,49,43,64,59,60,66,59,39,58,60,95,0,14,0,0,0,0,0,0,0,0,0,0,-112,-53,-56,-19,-8,23,7,7,10,17,11,0,-28,0,-20,-17,-28,6,-48,-54,-48,-47,-61,-45,-290,-256,-265,-236,-369,-75,-76,0,0,0]} 1. d4 e6 2. c4 d5 3. Nc3 a6 4. cxd5 exd5 5. Qb3 Nc6 6. Nf3 {D31: Queen's Gambit Declined: Semi-Slav without ...Nf6 (+ Marshall Gambit and Noteboom) and Exchange Variation lines without ...Nf6} Bb4 7. Bf4 Nge7 {LiveBook: 6 Games} 8. a3 $146 {White is slightly better.} ({Find the theoretical novelty and annotate with similar games:} 8. e3 h6 9. Ne5 O-O 10. Be2 Nxe5 11. Qxb4 N5g6 12. Bg3 Nf5 {½-½ (48) Nepomniachtchi,I (2704)-Rakhmanov,A (2650) Moscow 2016}) 8... Bd6 9. Bxd6 Qxd6 10. e3 O-O 11. Be2 Be6 12. O-O f6 13. Ne1 b6 14. Nd3 Bf7 15. Rac1 Rfd8 16. Rfd1 Kh8 17. Nb1 Ra7 18. Nd2 g5 19. Qc3 Kg7 20. Nb4 (20. Nf1 $16) 20... Nxb4 $11 21. axb4 {[%cal Ba3b4,Bb4b5][%mdl 32]} Be8 22. Nb3 Nc6 23. b5 Nb4 {Strongly threatening ...Na2.} 24. Ra1 {[%cal Rb5a6]} a5 25. Nd2 c6 26. e4 (26. bxc6 $11 Rc8 27. Rdc1) 26... cxb5 (26... Re7 $17 27. Bg4 Qf4) 27. e5 $15 Qe7 28. Nf3 f5 {[%cal Bf6f5,Bf5f4][%mdl 32]} 29. Rdc1 Bd7 30. Qd2 h6 31. g3 Rf8 32. Ra3 f4 33. Ne1 Qf7 {next ...fxg3 is good for Black.} 34. f3 Qe6 {[#]} 35. Qxb4 $1 {[%mdl 512]} axb4 36. Rxa7 {aiming for Bxb5.} Rf7 37. Rcc7 {Threatens to win with Bxb5!} Be8 38. Bxb5 $2 (38. Rxf7+ $15 Bxf7 39. gxf4) 38... Rxc7 $19 ({Wrong is} 38... Bxb5 $2 39. Rxf7+ Qxf7 40. Rxf7+ Kxf7 41. gxf4 $18) 39. Rxc7+ Kf8 40. Bd3 (40. Bxe8 $142 Qxe8 41. gxf4) 40... b5 $2 (40... fxg3 $19 {has better winning chances.} 41. hxg3 h5) 41. gxf4 $17 {[#]} Qb6 ({Black should play} 41... Bg6 $1 $17) 42. Rc5 $11 gxf4 {[%mdl 32768] Precision: White = 49%, Black = 57%. . Loss on Time!?} 0-1

[Event "4NCL 2017-18"]
[Site "Northampton"]
[Date "2018.02.10"]
[Round "5"]
[White "Jackson, James P"]
[Black "McDonald, Neil"]
[Result "1-0"]
[WhiteElo "2351"]
[BlackElo "2402"]
[Annotator "TA"]
[PlyCount "136"]
[EventDate "2018.??.??"]
[EventCountry "GBR"]
[SourceTitle "playchess.com"]
[Source "ChessBase"]
[SourceQuality "1"]

{[%evp 12,136,33,43,42,33,35,32,40,36,77,53,64,58,93,95,83,68,78,37,34,14,13,16,18,14,10,8,29,-5,-1,0,-4,-11,18,6,20,28,45,47,89,25,14,13,11,16,12,13,35,0,0,0,27,23,62,65,55,35,130,108,181,179,208,220,219,214,231,229,229,223,264,236,241,229,229,229,237,222,204,213,208,213,222,222,209,205,212,214,304,289,362,373,347,360,537,536,526,405,528,528,518,520,520,519,497,479,529,527,508,478,477,470,546,533,634,627,564,489,652,652,794,763,5065,5030,4690,660,29974]} 1. e4 Nf6 2. e5 Nd5 3. d4 d6 4. f4 g6 5. Nf3 Bg7 6. Bc4 {[%cal Bf1c4,Bc4b3,Bb3c2][%mdl 32]} Nb6 7. Bb3 {LiveBook: 3 Partien} O-O {B03: Aljechin-Verteidigung (Vierbauernvariante)} 8. O-O Nc6 9. c3 Na5 {Weiß steht etwas besser.} (9... dxe5 10. fxe5 Na5 11. Bc2 c5 12. dxc5 Qxd1 13. Rxd1 Nbc4 14. Re1 Nc6 15. Be4 N4xe5 16. Nxe5 Nxe5 17. Bf4 Nc6 18. Na3 Bf6 19. Nb5 Bf5 20. Bf3 Rac8 21. Rad1 a6 22. Nd4 {½-½ (22) Georgiev,K (2510)-Janev,E (2465) Tsarevo 2001}) 10. Bc2 c5 {[#]} 11. dxc5 $1 dxc5 12. Qe1 $146 ({Vorgänger:} 12. Be3 Qc7 13. Na3 Nac4 14. Nxc4 Nxc4 {1-0 (54) Nyland,T (2047)-Kjetzae,J (2112) Budapest 2005}) 12... Bf5 13. Bxf5 gxf5 14. Qe2 Qd5 15. Rd1 Qc4 16. Kf2 Rfd8 17. Na3 (17. Rxd8+ {is more complex.} Rxd8 18. Qxc4 Naxc4 19. Nbd2 Nxd2 20. Bxd2 Nc4 21. Bc1) 17... Qxe2+ 18. Kxe2 Rxd1 19. Kxd1 f6 20. exf6 Bxf6 21. Kc2 Nd5 22. Bd2 Rb8 23. Re1 b5 24. Ne5 Rb7 25. b3 {c4 ist eine echte Drohung.} a6 26. c4 (26. Kb1 $16) 26... Nb4+ $11 27. Kb1 bxc4 28. Naxc4 Nxc4 29. Nxc4 Kf7 30. Bxb4 (30. Ne5+ {looks sharper.} Ke8 31. g3 Nd5 32. Kc2 Rb8 33. Nc4) 30... cxb4 $14 {[%mdl 4096] Endspiel KTL-KTS} 31. Rd1 Rb8 32. Rd5 Ke6 33. Ra5 h5 34. Ne3 Rb6 (34... Rd8 $1 $14) 35. Kc2 ({Viel schwächer ist} 35. Nxf5 $6 Rb5 $14) 35... Rc6+ {[#]} (35... Rb5 $16 36. Rxa6+ Kf7) 36. Kd3 $1 $18 h4 37. Nxf5 Rc1 38. Ne3 Rh1 39. Rxa6+ Kf7 40. h3 Rg1 41. Ke4 Bb2 42. Kf3 Bd4 {Falls Schwarz jetzt zu ...Lxe3 käme, bestünde noch etwas Hoffnung.} 43. Nf5 Bf6 44. Rc6 Rf1+ 45. Ke3 Re1+ 46. Kf2 Ra1 47. Rc2 Kg6 48. Ne3 Bd4 49. Kf3 e6 (49... Bxe3 $142 50. Kxe3 Kf5 51. Rc5+ Kf6) 50. Nc4 Kf5 {beabsichtigt ...Tf1+.} 51. Nd6+ Kf6 52. Kg4 Rf1 (52... Re1 $142 53. Kxh4 e5) 53. Ne4+ Ke7 54. Ng5 Bf2 55. Re2 {Weiß steht klar auf Gewinn.} Bg3 56. Rxe6+ Kd7 57. Re4 Rf2 58. Rxb4 Rxg2 {Und ...Le1+ würde nun gewinnen.} 59. Ra4 Be1+ 60. Kf5 Bg3 61. Nf3 Rc2 62. Kg4 Rc8 63. Ra7+ Kc6 64. Rg7 Rh8 65. f5 {[%cal Bf4f5,Bf5f6,Bf6f7][%mdl 32]} Ra8 66. f6 Rxa2 67. f7 Bd6 68. Rg8 (68. Rg6 $142 Ra8 69. Rg8) 68... Kd5 {Precision: Weiß = 72%, Schwarz = 49%.} 1-0

[Event "4NCL 2017-18"]
[Site "Northampton"]
[Date "2018.02.10"]
[Round "5"]
[White "Ansell, Simon T"]
[Black "Phillips, Roy"]
[Result "1-0"]
[WhiteElo "2343"]
[BlackElo "2186"]
[Annotator "TA"]
[PlyCount "81"]
[EventDate "2018.??.??"]
[EventCountry "GBR"]
[SourceTitle "playchess.com"]
[Source "ChessBase"]
[SourceQuality "1"]

{[%evp 17,81,46,57,0,49,22,17,22,36,32,43,10,46,21,23,18,12,0,0,0,0,0,66,65,73,80,66,66,75,24,105,91,123,123,123,123,123,116,97,116,163,165,173,153,165,144,185,95,187,197,286,290,286,262,293,291,321,336,356,370,362,355,339,331,419,245]} 1. d4 d6 2. e4 Nf6 3. Nc3 e5 4. Nf3 Nbd7 5. Bc4 Be7 6. O-O O-O 7. Re1 c6 8. a4 a5 9. h3 Qc7 10. dxe5 {C41: Philidor Defence} (10. Be3 $14) (10. Be3 Nb6 11. Ba2 Nfd7 12. Qe2 Bf6 13. d5 Be7 14. Rad1 Nf6 15. Nd2 Bd7 16. Nc4 Nxc4 17. Qxc4 Rac8 18. Qb3 cxd5 {1-0 (80) Howell,D (2644)-Maghsoodloo,P (2584) Doha 2016}) 10... Nxe5 $146 ({Predecessor:} 10... dxe5 11. Nh4 g6 12. Bh6 Re8 13. Qc1 Nh5 14. Nf3 Nf4 15. Bxf4 exf4 16. e5 Nb6 17. Bd3 Be6 18. Qxf4 {1-0 (28) Suarez Pousa,D (2377)-Fernandez de Armas,L (2089) Mondariz 2006}) 11. Ba2 Nxf3+ 12. Qxf3 {The position is equal.} Nd7 13. Be3 Ne5 14. Qg3 Ng6 15. Ne2 Bh4 16. Qf3 Be6 17. Bd4 Rae8 18. Bc3 Bxa2 19. Rxa2 f5 (19... Ne5 $11 20. Qf4 Qd8) 20. exf5 $14 Qf7 21. Raa1 $1 Qxf5 22. Qxf5 Rxf5 23. g3 ({White should try} 23. Ng3 $16 Rxe1+ 24. Rxe1 Bxg3 25. fxg3) 23... Bd8 (23... Bf6 $11 {remains equal.}) 24. Nd4 $36 {[%mdl 2048] White is in control.} Rfe5 {[#]} 25. Nf5 $1 {[%mdl 512]} Rxe1+ (25... Rxf5 26. Rxe8+) 26. Rxe1 Rxe1+ 27. Bxe1 {[%mdl 4096] Endgame KBN-KBN} Bc7 {[#]} 28. Bc3 $1 Ne5 29. f4 Nc4 30. Bxg7 Kf7 31. Bc3 Ke6 32. g4 (32. Nd4+ $18 Kd5 33. Kf1) 32... Kd5 (32... d5 $16 {was called for.}) 33. Ng7 $18 Ke4 (33... b5 {was necessary.}) 34. f5 d5 35. f6 Ne5 36. Kg2 d4 {[#]} 37. Bxd4 $1 {[%mdl 512]} Kxd4 38. Ne6+ Kd5 39. Nxc7+ Kd6 40. Ne8+ Kd7 {[#]} 41. f7 $1 {Precision: White = 57%, Black = 43%.} 1-0

[Event "4NCL 2017-18"]
[Site "Northampton"]
[Date "2018.02.10"]
[Round "5"]
[White "Fitzsimons, David"]
[Black "Rogers, Jonathan W"]
[Result "1-0"]
[WhiteElo "2330"]
[BlackElo "2320"]
[Annotator "TA"]
[PlyCount "36"]
[EventDate "2018.??.??"]
[EventCountry "GBR"]
[SourceTitle "playchess.com"]
[Source "ChessBase"]
[SourceQuality "1"]

{[%evp 15,36,107,105,77,182,156,232,227,228,241,235,231,226,232,231,234,368,371,378,383,575,584,1500]} 1. e4 e5 2. Nf3 Nc6 3. Bc4 {[%cal Bf1c4,Bc4d5,Bd5e4][%mdl 32]} Be7 4. d4 exd4 5. c3 {[%cal Bc2c3,Bc3d4,Bd4d5,Bd5c6][%mdl 32]} Nf6 6. e5 Ne4 7. Bd5 Nc5 8. cxd4 {C50: Hungarian Defence and Giuoco Pianissimo} Ne6 {LiveBook: 3 Games} 9. Nc3 (9. Bb3 Na5 10. d5 Nxb3 11. axb3 Nc5 12. b4 Na6 13. b5 Nc5 14. b4 Ne4 15. Qe2 f5 {1-0 (33) Vysochin,S (2599)-Simantsev,M (2371) Kiev 2004}) 9... O-O (9... d6 $16) 10. Be4 $18 {White is clearly better.} f5 (10... Ng5 $16 {was necessary.}) 11. exf6 $1 Bxf6 {[%cal Rc6d4] [#]} 12. d5 $1 {[%cal Rd5e6]} Nc5 13. dxc6 Bxc3+ 14. bxc3 Qe7 $146 ({Predecessor:} 14... Nxe4 15. Qd5+ Kh8 16. cxb7 Bxb7 17. Qxb7 Nxc3 {1-0 (25) Ladanyi,Z (2151)-Csernyiczky,L (2224) Hungary 2004}) 15. Qd5+ Kh8 (15... Rf7 $142) 16. Ba3 d6 {[#] Threatens to win with ...bxc6.} 17. Bxc5 $1 Rf5 (17... Bf5 {was called for.} 18. Nd2 dxc5) 18. Qd3 Qd8 1-0

[Event "4NCL 2017-18"]
[Site "Northampton"]
[Date "2018.02.10"]
[Round "5"]
[White "Weaving, Richard"]
[Black "Lauterbach, Ingrid"]
[Result "1-0"]
[WhiteElo "2328"]
[BlackElo "2061"]
[Annotator "TA"]
[PlyCount "137"]
[EventDate "2018.??.??"]
[EventCountry "GBR"]
[SourceTitle "playchess.com"]
[Source "ChessBase"]
[SourceQuality "1"]

{[%evp 11,137,12,58,3,11,0,13,0,22,-2,24,12,20,4,2,0,19,-4,36,35,40,56,52,19,69,41,81,42,64,54,92,99,101,102,102,78,85,82,92,50,83,93,89,69,91,61,68,48,224,232,351,341,350,262,270,264,262,247,254,231,234,218,235,225,279,284,286,286,286,281,272,265,265,265,265,265,265,264,263,262,262,262,260,236,261,268,277,268,272,259,270,236,376,318,588,588,554,493,29982,29983,29987,29985,29985,29983,29981,4134,29989,29986,29987,29979,29979,29978,29976,29975,29986,29987,29987,29988,29990,29991,29991,29992,29992,29993,29993,29994,29994,29995]} 1. e4 e6 2. d4 d5 3. Nd2 c5 4. exd5 exd5 5. Ngf3 a6 6. Be2 c4 {LiveBook: 202 Games} 7. a4 {C08: French Tarrasch: 3...c5 4 exd5 exd5 sidelines} ({White should try} 7. b3 $14) (7. O-O Bd6 8. b3 cxb3 9. cxb3 Nc6 10. Re1 Nge7 11. Bb2 O-O 12. Ne5 f6 13. Nxc6 Nxc6 14. Bf3 Kh8 {½-½ (28) Wei,Y (2739)-Ivanchuk,V (2729) Medias 2017}) 7... Nc6 8. O-O Bd6 9. Re1 {The position is equal.} Nge7 {[%cal Bg8e7,Be7f5,Bf5d6,Bd6e4][%mdl 32]} 10. b3 cxb3 11. Nxb3 O-O 12. Ba3 Bxa3 13. Rxa3 Nf5 $146 ({Find the theoretical novelty and annotate with similar games:} 13... Na5 14. Bd3 Nxb3 15. Rxb3 {0-1 (46) Lawson,D-Buchanan,W (2220) Troon 1986}) 14. a5 Nd6 15. Ne5 $1 Na7 {[%cal Bc6a7,Ba7b5,Bb5c3][%mdl 32]} 16. Ra1 Nab5 17. Bf3 Nc3 18. Qd2 Nce4 19. Bxe4 Nxe4 20. Qb4 Qf6 21. f3 Nd6 22. Nc5 {[%cal Bb3c5,Bc5a4,Ba4b6][%mdl 32] Threatens to win with Ned7.} Rd8 23. Re2 Nb5 24. Rae1 h5 25. Na4 Be6 26. Nb6 Rab8 27. c3 Bf5 28. Re3 Qd6 {next ...Qxb4 is good for Black.} 29. Qb3 Qc7 $2 {[#]} (29... Qa3 $14 30. Qxa3 Nxa3) 30. Nxd5 $18 Rxd5 (30... Be6 {keeps fighting.}) 31. Qxd5 Be6 32. Qe4 Nxc3 33. Qc2 Nb5 34. Qxc7 Nxc7 35. Rd1 Rd8 36. Re2 Nb5 37. Red2 Nc3 38. Rc1 Rxd4 39. Rxd4 Ne2+ 40. Kf2 Nxd4 {[%mdl 4096] Endgame KRN-KBN} 41. Rc7 Nb3 42. Rxb7 Nxa5 43. Rb6 Nb3 44. Rxa6 Nd4 45. Nd3 g6 46. Nf4 Bf5 47. Ne2 Ne6 48. Ke3 Nf8 49. Nd4 Bd7 50. h4 Kg7 51. Kf4 Nh7 (51... Ne6+ $142 52. Nxe6+ Bxe6) 52. Ra7 Nf6 $2 (52... Nf8 {might work better.} 53. g4 hxg4 54. fxg4 Ne6+ 55. Kg3 Nxd4 56. Rxd7 Ne6) 53. Ke5 Bc8 54. Rc7 Ba6 (54... Bd7 $18 55. Kd6 Be8) 55. Ne6+ Kh6 56. Kxf6 fxe6 57. Kxe6 {KR-KB} Bf1 58. g3 (58. Kf7 $142 Bb5 59. Kg8 g5 60. hxg5+ Kg6 61. Rg7+ Kf5 62. g6 Kg5 63. Kh7) 58... g5 59. hxg5+ {White mates.} Kxg5 60. Rc5+ Kg6 61. f4 {[%cal Bf3f4,Bf4f5][%mdl 32]} Bh3+ 62. Ke5 h4 63. gxh4 Bg4 {[#]} 64. f5+ $1 Kh5 (64... Bxf5 65. Rc6+) 65. f6 Kg6 66. Rc7 Bd1 67. Rg7+ Kh6 68. Rg5 Bb3 69. Kd6 {Precision: White = 51%, Black = 37%.} 1-0

[Event "4NCL 2017-18"]
[Site "Northampton"]
[Date "2018.02.10"]
[Round "5"]
[White "Dorrington, Chris J"]
[Black "Harvey, Marcus R"]
[Result "0-1"]
[WhiteElo "2322"]
[BlackElo "2344"]
[Annotator "TA"]
[PlyCount "68"]
[EventDate "2018.??.??"]
[EventCountry "GBR"]
[SourceTitle "playchess.com"]
[Source "ChessBase"]
[SourceQuality "1"]

{[%evp 10,68,27,27,24,25,16,17,37,37,40,25,43,30,39,11,9,8,7,7,26,28,28,29,26,13,32,33,55,33,39,44,32,38,63,60,75,56,75,0,0,0,19,0,-10,-152,-159,-274,-279,-424,-393,-619,-627,-609,-610,-610,-595,-731,-721,-1149,-1135]} 1. Nf3 Nf6 2. d4 e6 3. c4 Bb4+ 4. Nbd2 O-O 5. a3 Bxd2+ 6. Qxd2 d5 {E11: Bogo-Indian} 7. e3 b6 8. b3 Nbd7 {The position is equal.} 9. cxd5 exd5 10. Bb2 $146 ({Predecessor:} 10. a4 c5 11. Bb2 Bb7 12. Be2 Rc8 13. Rc1 Ne4 14. Qd1 {1-0 (33) Lopez Martinez,J (2589)-Almagro Mazariegos,S (2307) Linares 2017}) 10... a5 11. Bd3 Ba6 12. a4 Ne4 13. Qe2 Bxd3 14. Qxd3 Qf6 15. O-O Rfc8 16. Rac1 Qe6 17. Rc2 c6 18. Rfc1 Rc7 19. Qe2 f6 20. Ne1 Rac8 21. Nd3 g5 22. Ba3 Kg7 23. Re1 c5 24. dxc5 ({White should try} 24. f3 $16) 24... bxc5 $11 25. f3 Nd6 {[%cal Be4d6,Bd6f5,Bf5d4][%mdl 32]} 26. Rec1 {[%cal Rd3c5]} c4 $1 $36 {[%cal Rc4d3][%mdl 2048] Black has some pressure.} 27. Nf2 {[#]} (27. bxc4 $11 {remains equal.} dxc4 28. Nb2) 27... Nf5 $1 $17 28. Rc3 {[#]} (28. f4 $17 {might work better.}) 28... Nd4 $1 $19 {[%cal Rd4e2][%mdl 512]} 29. Qb2 (29. Qf1 $142 Nxb3 30. Re1) (29. exd4 Qxe2) 29... Nxb3 30. Rxb3 (30. Rf1 $142) 30... cxb3 {Black is clearly winning.} 31. Rxc7 Rxc7 32. Qxb3 Qb6 33. Qd3 Ne5 34. Qe2 Qb3 {Precision: White = 42%, Black = 61%.} 0-1